000 003290000a22001450004500
003 MACL
040 _aMACL
090 _c32510
_d32508
100 _aMenon, Nivedita
245 _aGender and Politics in India
260 _bOxford University Press
_c1999
350 _a375
650 _aPolitical Science
942 _cBOOK
_k320/Men
999 _c32180
_d32180